00929 a2200157 45000010006000000050017000060080041000230030015000640400040000790800134001192450048002532640047003013000019003485050380003671000024007475386020260407155809.0260407a1956 arg spa dAR-UNSa-BCEJYS aAR-UNSa-BCEJYSbspacAR-UNSa-BCEJYS a338.2(82)xPolítica económica. Control de la economía. Gestión de la economía. Planificación económica en Argentina10aCómo superar la crisis económica actual 1aBuenos Aires :bSelección Contablec1956 a182 p.c20 cm. a1. Replanteo de la política económica - 2. Necesidad de una política de inversiones - 3. Ingreso, consumo e inversiones en la República Argentina - 4. Planteo general - 5. Medios específicos de la política de inversiones - 6. Sector público de las inversiones - 7. El ahorro social en la república Argentina - 8.Hacia una política argentina de inversiones 1 aAlemann, Roberto T.